| 000 | 00606nam a2200169 i 4500 | ||
|---|---|---|---|
| 001 | 49966 | ||
| 003 | ES-MaACL | ||
| 005 | 20230906162107.0 | ||
| 007 | t| | ||
| 008 | 030728s1952 sp ||||1| spa d | ||
| 100 | 1 |
_aCrespo Amorós, Miguel. _941535 |
|
| 245 | 1 | 0 |
_aSonetos y Romances _b: ensayos poéticos originales / _censayos poéticos originales de Miguel Crespo Amorós con un prólogo y un soneto ; epílogo de Felipe Sassone. |
| 260 |
_aMadrid : _b[s.n., _c1952] ( _fJosé Luis Cosano) |
||
| 300 |
_a93 p. ; _c21 cm. |
||
| 700 | 1 |
_aSassone, Felipe. _9103913 |
|
| 852 |
_aES-MaACL _j1982-F-10 _bR.34083 |
||
| 999 |
_c49966 _d49966 |
||